A PRACTICAL APPROACH TO PHARMACEUTICAL ANALYSIS (Record no. 16072)

MARC details
000 -LEADER
fixed length control field 00342nam a22001457a 4500
003 - CONTROL NUMBER IDENTIFIER
control field SGT
020 ## - INTERNATIONAL STANDARD BOOK NUMBER
International Standard Book Number 978-81-239-1617-0
082 ## - DEWEY DECIMAL CLASSIFICATION NUMBER
Classification number 615.4
Item number P18N
100 ## - MAIN ENTRY--PERSONAL NAME
Personal name NEMA,RAJESH KUMAR
245 ## - TITLE STATEMENT
Title A PRACTICAL APPROACH TO PHARMACEUTICAL ANALYSIS
260 ## - PUBLICATION, DISTRIBUTION, ETC. (IMPRINT)
Place of publication, distribution, etc NEW DEELHI
Name of publisher, distributor, etc CBS PUB
Year of Publication 2018
300 ## - PAGE DESCRIPTION
No. of Pages 207
650 ## - SUBJECT ADDED ENTRY--TOPICAL TERM
Topical term or geographic name as entry element PHARMACY
942 ## - ADDED ENTRY ELEMENTS (KOHA)
Source of classification or shelving scheme Dewey Decimal Classification
Koha item type Books
Holdings
Withdrawn status Lost status Source of classification or shelving scheme Damaged status Use restrictions Not for loan Collection code Home library Current library Shelving location Date acquired Vendor Name Cost, normal purchase price SGTU Bill Number Full call number Accession No. (Barcode) Date last seen Bill Date Koha item type
    Dewey Decimal Classification   Restricted Access   PHARMACY SGT FA-FP Library SGT FA-FP Library Reference Book 20/09/2018 AHUJA PUB 350.00 SGTU 10139 615.4 P18N FP2949 20/09/2018 15/09/2018 Books
    Dewey Decimal Classification   Restricted Access   PHARMACY SGT FA-FP Library SGT FA-FP Library Reference Book 20/09/2018 AHUJA PUB 350.00 SGTU 10139 615.4 P18N FP2950 20/09/2018 15/09/2018 Books